Modelování v mechanice 2014 : zborník z 12. mezinárodní konference
Gespeichert in:
| Körperschaft: | |
|---|---|
| Weitere Verfasser: | , |
| Format: | Tagungsbericht Buch |
| Veröffentlicht: |
Ostrava :
Vysoká škola báňská - Technická univerzita v Ostravě,
2014
|
| Tags: |
Keine Tags, Fügen Sie das erste Tag hinzu!
|
MARC
| LEADER | 00000nam a22000003a 4500 | ||
|---|---|---|---|
| 001 | stu283912 | ||
| 005 | 20150617225952.4 | ||
| 008 | 140211s--------xr----------------------d | ||
| 020 | |a 978-80-248-3320-0 | ||
| 040 | |a STU |b slo | ||
| 044 | |a xr | ||
| 111 | 2 | |a Modelování v mechanice 2014 |n 12. |d 5. - 6. 2. 2014 |c Ostrava, Česká republika | |
| 245 | 1 | |a Modelování v mechanice 2014 : |b zborník z 12. mezinárodní konference |h elektronický zdroj | |
| 260 | |a Ostrava : |b Vysoká škola báňská - Technická univerzita v Ostravě, |c 2014 | ||
| 300 | |a CD ROM | ||
| 700 | 1 | |a Brožovský, Jiří |r Z6 |4 rev | |
| 700 | 1 | |a Čajka, Radim |4 rev | |
| 996 | |c V*455/A |l VV14 |s P |a 0 |w stu283912_0001 | ||